01542nam a2200241Ia 4500001000600000003000900006008004100015040001300056040001300069041001200082100001800094100002900112245003600141245003600177250001100213260001100224260002600235260004900261300004200310500088200352650003501234650003101269E6807IT-RoPAU130308s9999 xx 000 0 und d aIT-RoPAU cIT-RoPAU aINGLESE aNegrine Ralph gCodice Aut. SPICS: 45397 aCommunication of Politics (The) bCommunication Of Politics (The) a1a ed. aLONDON bSage Publications Ltd c1996 [1° Ed.:1996 - Ed.Ling.Originale:1996] a"206 p. (prefazione: 14; testo: 192)" aComunicazione d'informazione Politica e Creazione di una cittadinanza Informata: Media nel cambiamento del Mondo, Natura di una moderna Forma di Governo. Informazione Pubblica: fughe e produzioni di Notizie: Fonti e Reporter, Informazione Pubblica e Privata, Studio di Alcuni Casi di fughe di Notizie. Cronaca parlamentare e Politica. Specializzazione nelle Organizzazioni di Notizie: Dare Meglio le Notizie?: Corrispondenti Specializzati, Sovrapposizioni e Divisioni di Responsabilità, Analisi dei contenuti delle Notizie.Opinione Pubblica, Media e Processo Democratico: Riflessioni e Studio di Alcuni Casi. Costruzione d'informazione Politica: Bambini e Politica, Adultie Informazione Politica. Comunicazione Politica e Americanizzazione della Politica: Comunicazione Politica ed Elezioni. Comunicazione Politica nell'era del Globalismo Elettronico dei Media. Bibliografia. aSAGGI DI COMUNICAZIONE SOCIALE eCodice materia Spics: 3807